00261nam a2200085 a 450000500170000000800410001705000170005824500700007565000300014520140513081051.0020606s19uu xx 00 eng d aP 307.3bCOM aWe need community helpers, Poster 15 :bPlaces around, Poster 30. aCommunity helpersxPoster